<?xml version="1.0" encoding="UTF-8"?>
<record
    xmlns:xsi="http://www.w3.org/2001/XMLSchema-instance"
    xsi:schemaLocation="http://www.loc.gov/MARC21/slim http://www.loc.gov/standards/marcxml/schema/MARC21slim.xsd"
    xmlns="http://www.loc.gov/MARC21/slim">

  <leader>00865nam a22002177a 4500</leader>
  <controlfield tag="005">20230908101305.0</controlfield>
  <controlfield tag="008">230908b        sa ||||| |||| 00| d ZUL d</controlfield>
  <datafield tag="020" ind1=" " ind2=" ">
    <subfield code="a">9780796010551</subfield>
    <subfield code="q">pbk</subfield>
  </datafield>
  <datafield tag="040" ind1=" " ind2=" ">
    <subfield code="a">RDA</subfield>
    <subfield code="c">3228</subfield>
  </datafield>
  <datafield tag="082" ind1=" " ind2=" ">
    <subfield code="2">23</subfield>
    <subfield code="a">ZUL 896.398622 MBAT</subfield>
  </datafield>
  <datafield tag="100" ind1=" " ind2=" ">
    <subfield code="a">Mbatha, Lindinkosi S.B.</subfield>
    <subfield code="d">1943</subfield>
    <subfield code="q">Simeon Bhekinhlanhla Lindinkosi Mbatha</subfield>
    <subfield code="9">181536</subfield>
  </datafield>
  <datafield tag="245" ind1=" " ind2=" ">
    <subfield code="a">Nawe Mbopha kaSithayi!</subfield>
  </datafield>
  <datafield tag="250" ind1=" " ind2=" ">
    <subfield code="a">First edition</subfield>
  </datafield>
  <datafield tag="260" ind1=" " ind2=" ">
    <subfield code="a">Pietermaritzburg;</subfield>
    <subfield code="b">Shuter &amp; Shooter (Pty) Ltd;</subfield>
    <subfield code="c">1997.</subfield>
  </datafield>
  <datafield tag="300" ind1=" " ind2=" ">
    <subfield code="a">68 pages;</subfield>
    <subfield code="c">21 cm.</subfield>
  </datafield>
  <datafield tag="500" ind1=" " ind2=" ">
    <subfield code="a">Translation of title: Even you, Mbopha, son of Sithayi : [drama]. Originally published: Pietermaritzburg : Lincroft Books, 1971.</subfield>
  </datafield>
  <datafield tag="521" ind1=" " ind2=" ">
    <subfield code="b">title of the book</subfield>
  </datafield>
  <datafield tag="650" ind1=" " ind2=" ">
    <subfield code="a">Shaka, King of the Zulu, 1787?-1828; Zulu drama</subfield>
    <subfield code="z">Pietermaritzburg</subfield>
    <subfield code="9">181548</subfield>
  </datafield>
  <datafield tag="942" ind1=" " ind2=" ">
    <subfield code="w">378</subfield>
    <subfield code="x">Patrick Mahlalela</subfield>
    <subfield code="y">378</subfield>
    <subfield code="z">Patrick Mahlalela</subfield>
  </datafield>
  <datafield tag="942" ind1=" " ind2=" ">
    <subfield code="2">ddc</subfield>
    <subfield code="c">BOOK</subfield>
  </datafield>
  <datafield tag="999" ind1=" " ind2=" ">
    <subfield code="c">756997</subfield>
    <subfield code="d">756996</subfield>
  </datafield>
  <datafield tag="952" ind1=" " ind2=" ">
    <subfield code="0">0</subfield>
    <subfield code="1">0</subfield>
    <subfield code="2">ddc</subfield>
    <subfield code="4">0</subfield>
    <subfield code="7">0</subfield>
    <subfield code="8">800</subfield>
    <subfield code="a">STANRL</subfield>
    <subfield code="b">EVANL</subfield>
    <subfield code="c">GEN</subfield>
    <subfield code="d">2023-09-08</subfield>
    <subfield code="g">70.00</subfield>
    <subfield code="l">0</subfield>
    <subfield code="o">ZUL 896.398622 MBAT</subfield>
    <subfield code="p">3328031006267</subfield>
    <subfield code="r">2023-09-08</subfield>
    <subfield code="w">2023-09-08</subfield>
    <subfield code="y">BOOK</subfield>
  </datafield>
</record>
